Harry Potter - Statistiques

Statistiques générales
  • Ce quiz a été pris 681 fois
  • Le résultat moyen est 13 sur 20
Statistiques - réponses
Questions Réponses % Correct
Nom et prénom du père de Harry Potter James
99%
1ere personne du monde magique que Harry rencontre Hagrid Rubeus
98%
Nom ( jeune fille ) et prénom de la mère de Harry Evans Lily
97%
Equipe que rencontre Harry lors de son 1 er match de Quiddtich Serpentard
91%
Professeur de défenses contre les forces du mal de la 4 eme année de Harry Maugrey Alastor
85%
Le dernier Horcruxe détruit Nagini
83%
Par quelle personne Neville Londubat
82%
Maison de Luna Lovegood Serdaigle
78%
La maison où il / elle va Poufsouffle
76%
Prénom de la soeur de Dumbledore Ariana
72%
Poste de Cho Chang au Quiddtich Attrapeur
71%
Nom et prénom de l'infirmière de Poudlard Pomfresh Poppy
64%
Nom complet du hibou de Ron Coquecigrue
59%
Nom du boursoufflet de Ginny Arnold
51%
Nom et prénom de la 1er personne qui passe sous le Choixpeau magique lors de la rentrée de Harry Abbot Hannah
48%
Nom et prénom de la bibliothécaire de Poudlard Pince Irma
48%
3 eme personnage pétrifié dans le livre " Harry Potter et la chambre des secrets " Finch-Fletchley Justin
40%
Date de la mort des parents de Harry Jour mois(en lettre) année 31 Octobre 1981
37%
Gare où arrive le Poudlard Express ( Londres - Poudlard ) Pré-Au-Lard
27%
A part les 1 eres années que prennent les éléves pour se rendre à l'école a la descente du train Diligence
24%
Aucun quiz correspondant
Distribution des résultats
% des personnes avec chaque résultat
Percentile par nombre de réponses
Votre historique - résultats
Vous n’avez pas pris ce quiz